| 000 | 00522 a2200181 4500 | ||
|---|---|---|---|
| 020 | _a1-55860-438-3 | ||
| 020 | _a1-55860-580-0 | ||
| 040 |
_aDLC _bDLC |
||
| 082 | _a005.74 | ||
| 100 | 1 | _aO'Neil, Patrick | |
| 245 | 0 | 0 |
_aDatabase : principles, programming, performance _cPatrick O'Neil, Elizabeth O'Neil |
| 250 | _a2. ed. | ||
| 260 |
_aSan Francisco, Calif. : _bMorgan Kaufmann, _c2001 |
||
| 300 |
_axxiv, 869 s. : _bill. |
||
| 650 | 0 | _aDatabase management | |
| 700 | 1 | _aO'Neil, Elizabeth | |
| 942 |
_cBK _k005.74 ONE _2ddc |
||
| 999 |
_c6565 _d6565 |
||